[Event "POL-chT U19 2nd League"]
[Site "Chelm Lubelski"]
[Date "2010.07.07"]
[Round "3"]
[White "Statucki, Maciej"]
[Black "Latocha, Aleksander"]
[Result "0-1"]
[WhiteElo "1832"]
[BlackElo "1929"]
[PlyCount "42"]
[EventDate "2010.07.06"]
[EventType "team-tourn"]
[EventRounds "11"]
[EventCountry "POL"]
[SourceTitle "EXT 2011"]
[Source "ChessBase"]
[SourceDate "2010.11.26"]
[SourceVersion "1"]
[SourceVersionDate "2010.11.26"]
[SourceQuality "1"]
[WhiteTeam "Kozuchow Odrodzenie U19"]
[BlackTeam "Imielin MKSz Diagonalia U19"]
[WhiteTeamCountry "POL"]
[BlackTeamCountry "POL"]

1. e4 e5 2. Nf3 Nc6 3. Bb5 a6 4. Ba4 Nf6 5. 0-0 Be7 6. Re1 b5 7. Bb3 0-0 8. c3 d5 9. exd5 Nxd5 10. a4 b4 11. h3 Bf6 12. d4 exd4 13. cxd4 Bb7 14. Be3 Na5 15. Bc2 Nxe3 16. fxe3 c5 17. Qd3 g6 18. Nbd2 Qd7 19. Rad1 Rfe8 20. Rf1 Qd5 21. b3 Rxe3 0-1

[Event "Rewal op-B 14th"]
[Site "Rewal"]
[Date "2009.08.26"]
[Round "6"]
[White "Statucki, Maciej"]
[Black "Swiech, Piotr"]
[Result "1-0"]
[WhiteElo "1765"]
[BlackElo "1988"]
[PlyCount "105"]
[EventDate "2009.08.20"]
[EventType "swiss"]
[EventRounds "9"]
[EventCountry "POL"]
[SourceTitle "EXT 2011"]
[Source "ChessBase"]
[SourceDate "2010.11.26"]
[SourceVersion "1"]
[SourceVersionDate "2010.11.26"]
[SourceQuality "1"]

1. e4 e6 2. d4 d5 3. Nc3 Nf6 4. Bg5 Be7 5. Bxf6 Bxf6 6. e5 Be7 7. f4 c5 8. Nf3 Nc6 9. Qd2 Qa5 10. Ne2 Bd7 11. g3 b5 12. Bh3 Qb6 13. c3 b4 14. 0-0 Na5 15. f5 Nc4 16. Qc1 cxd4 17. cxd4 Rc8 18. Qf4 exf5 19. b3 Na3 20. Bxf5 Bxf5 21. Qxf5 Qe6 22. Qd3 0-0 23. Rac1 Rxc1 24. Rxc1 Rc8 25. Rxc8+ Qxc8 26. Nf4 Qc6 27. Qf5 g6 28. Qg4 Nc2 29. e6 Ne3 30. exf7+ Kxf7 31. Ne5+ Ke8 32. Nxc6 Nxg4 33. Nxd5 Bg5 34. h3 Nf6 35. Ndxb4 Kd7 36. Kf2 Bd2 37. Ne5+ Ke6 38. Nbc6 a6 39. Ke2 Bc3 40. Kd3 Be1 41. g4 Nd5 42. Nd8+ Ke7 43. Ndc6+ Ke6 44. Kc4 Nf4 45. Kc5 Bf2 46. Kc4 Nxh3 47. d5+ Kd6 48. Nf7+ Kc7 49. Nce5 Bh4 50. d6+ Kc8 51. Kc5 Bf6 52. Kc6 Bxe5 53. d7+ 1-0

[Event "Rewal op-B 14th"]
[Site "Rewal"]
[Date "2009.08.21"]
[Round "2"]
[White "Statucki, Maciej"]
[Black "Kasperek, Joanna"]
[Result "1/2-1/2"]
[WhiteElo "1765"]
[BlackElo "2034"]
[PlyCount "65"]
[EventDate "2009.08.20"]
[EventType "swiss"]
[EventRounds "9"]
[EventCountry "POL"]
[SourceTitle "EXT 2011"]
[Source "ChessBase"]
[SourceDate "2010.11.26"]
[SourceVersion "1"]
[SourceVersionDate "2010.11.26"]
[SourceQuality "1"]

1. e4 c5 2. Nf3 e6 3. Nc3 a6 4. d4 cxd4 5. Nxd4 b5 6. a3 d6 7. f4 Bb7 8. Be3 Nd7 9. Bd3 Ngf6 10. 0-0 Be7 11. Qf3 0-0 12. g4 Nc5 13. Rae1 Re8 14. f5 e5 15. Nde2 d5 16. Bxc5 Bxc5+ 17. Kh1 b4 18. axb4 Bxb4 19. Rd1 d4 20. Nb1 h6 21. Rg1 Nh7 22. Qg2 Rb8 23. Ng3 Bf8 24. Nd2 Nf6 25. Qe2 Nd7 26. Nf3 Nc5 27. h4 Nxd3 28. Qxd3 f6 29. Nh5 Qc7 30. g5 Qf7 31. Ng3 Kh8 32. Rd2 Bd6 33. Rdg2 1/2-1/2

[Event "Rewal op-B 14th"]
[Site "Rewal"]
[Date "2009.08.20"]
[Round "1"]
[White "Motyl, Tomasz"]
[Black "Statucki, Maciej"]
[Result "1/2-1/2"]
[WhiteElo "2039"]
[BlackElo "1765"]
[PlyCount "110"]
[EventDate "2009.08.20"]
[EventType "swiss"]
[EventRounds "9"]
[EventCountry "POL"]
[SourceTitle "EXT 2011"]
[Source "ChessBase"]
[SourceDate "2010.11.26"]
[SourceVersion "1"]
[SourceVersionDate "2010.11.26"]
[SourceQuality "1"]

1. e4 c5 2. Nc3 Nc6 3. g3 g6 4. Bg2 Bg7 5. d3 e6 6. f4 Nge7 7. Nf3 d5 8. 0-0 0-0 9. Ng5 h6 10. Nh3 f5 11. Nf2 a6 12. g4 b5 13. gxf5 gxf5 14. Ne2 Kh7 15. c3 b4 16. e5 Bb7 17. Ng3 Qe8 18. a3 a5 19. Bf3 Qd7 20. Kh1 d4 21. c4 Ng6 22. Kg1 Nh4 23. Bh1 Ne7 24. Qh5 Neg6 25. Nh3 Bxh1 26. Nxh1 Rg8 27. Kf2 Qa4 28. Ng5+ Kh8 29. Nf7+ Kh7 30. Ng5+ Kh8 31. Nf7+ Kh7 32. Rg1 Qc2+ 33. Qe2 Qxe2+ 34. Kxe2 b3 35. Nd6 Nxe5 36. fxe5 Bxe5 37. Rxg8 Rxg8 38. Nb7 Rg2+ 39. Nf2 Bxh2 40. Bd2 f4 41. Rf1 f3+ 42. Kd1 Nf5 43. Ng4 Rxg4 44. Rxf3 Rg1+ 45. Ke2 Rg2+ 46. Rf2 Rxf2+ 47. Kxf2 Bg3+ 48. Kf3 h5 49. Nxc5 h4 50. Nxe6 a4 51. c5 Kg6 52. c6 Bd6 53. c7 Ne7 54. Kg4 Bxa3 55. Bc1 Bd6 1/2-1/2

[Event "Rewal op-B 13th"]
[Site "Rewal"]
[Date "2008.08.28"]
[Round "9"]
[White "Statucki, Maciej"]
[Black "Janicki, Jacek"]
[Result "1/2-1/2"]
[WhiteElo "1568"]
[BlackElo "1985"]
[PlyCount "102"]
[EventDate "2008.08.19"]
[EventType "swiss"]
[EventRounds "9"]
[EventCountry "POL"]
[SourceTitle "CBM 126 Extra"]
[Source "ChessBase"]
[SourceDate "2008.11.05"]
[SourceVersion "1"]
[SourceVersionDate "2008.11.05"]
[SourceQuality "1"]

1. e4 c5 2. Nf3 a6 3. c3 d5 4. exd5 Qxd5 5. d4 Nc6 6. Be2 Nf6 7. dxc5 Qxd1+ 8. Bxd1 e5 9. Ba4 Bd7 10. 0-0 Bxc5 11. Bxc6 Bxc6 12. Nxe5 Bb5 13. c4 Bd7 14. Nxd7 Kxd7 15. Bf4 Rhe8 16. Nc3 Bb4 17. Na4 Kc6 18. a3 Bf8 19. Rfe1 Rxe1+ 20. Rxe1 Re8 21. Rxe8 Nxe8 22. Kf1 b5 23. cxb5+ Kxb5 24. Nc3+ Kc4 25. Ne4 f6 26. Nd2+ Kd3 27. b4 Nd6 28. Nb3 Ne4 29. Be3 Kc4 30. Nd4 Bd6 31. f3 Nc3 32. Ne6 g6 33. Nc5 Bxc5 34. bxc5 Nd5 35. Bf2 Kb3 36. Ke2 Kxa3 37. Kd3 Kb4 38. Kd4 Ne7 39. Bg3 a5 40. Bd6 Nc6+ 41. Kd5 Kb5 42. Bf4 a4 43. Bc1 Nb4+ 44. Kd6 Nc6 45. Ba3 Na5 46. Bc1 a3 47. Kd5 a2 48. Bb2 f5 49. g4 fxg4 50. fxg4 Nc6 51. Kd6 Nb4 1/2-1/2

[Event "Rewal op-B 13th"]
[Site "Rewal"]
[Date "2008.08.26"]
[Round "6"]
[White "Statucki, Maciej"]
[Black "Kulas, Szymon"]
[Result "1-0"]
[WhiteElo "1568"]
[BlackElo "1845"]
[PlyCount "85"]
[EventDate "2008.08.19"]
[EventType "swiss"]
[EventRounds "9"]
[EventCountry "POL"]
[SourceTitle "CBM 126 Extra"]
[Source "ChessBase"]
[SourceDate "2008.11.05"]
[SourceVersion "1"]
[SourceVersionDate "2008.11.05"]
[SourceQuality "1"]

1. e4 c5 2. Nf3 d6 3. d4 cxd4 4. Nxd4 Nf6 5. Nc3 Nc6 6. Be3 Ng4 7. Bb5 Nxe3 8. Nxc6 Qd7 9. Nxa7 Nxd1 10. Nxc8 Nxc3 11. Bxd7+ Kxd7 12. Nb6+ Kc6 13. Nxa8 g6 14. bxc3 Bg7 15. Kd2 Rxa8 16. a4 Ra5 17. Rhb1 Rc5 18. Ra3 d5 19. exd5+ Rxd5+ 20. Ke2 Rc5 21. Rab3 Bxc3 22. Rxb7 Bf6 23. R1b6+ Kd5 24. Rb5 Kc6 25. Rxc5+ Kxb7 26. Rb5+ Kc6 27. c4 Bd4 28. a5 f5 29. a6 Bb6 30. f3 e6 31. Kd3 h5 32. Kc3 g5 33. Kb4 g4 34. Re5 Kd7 35. Kb5 Ba7 36. c5 h4 37. fxg4 f4 38. Rh5 e5 39. Rh7+ Kc8 40. Rxa7 h3 41. Kc6 Kd8 42. Rd7+ Ke8 43. a7 1-0

[Event "Rewal op-B 13th"]
[Site "Rewal"]
[Date "2008.08.20"]
[Round "1"]
[White "Liberadzki, Slawomir"]
[Black "Statucki, Maciej"]
[Result "1/2-1/2"]
[WhiteElo "1969"]
[BlackElo "1568"]
[PlyCount "134"]
[EventDate "2008.08.19"]
[EventType "swiss"]
[EventRounds "9"]
[EventCountry "POL"]
[SourceTitle "CBM 126 Extra"]
[Source "ChessBase"]
[SourceDate "2008.11.05"]
[SourceVersion "1"]
[SourceVersionDate "2008.11.05"]
[SourceQuality "1"]

1. e4 c5 2. c3 d5 3. exd5 Qxd5 4. d4 Nc6 5. Be3 cxd4 6. cxd4 e6 7. Nc3 Qa5 8. Nf3 Nf6 9. Bd3 Bb4 10. Bd2 Qd8 11. Be3 0-0 12. 0-0 Bd7 13. Rc1 Ne7 14. Ne5 Ned5 15. Bg5 Bxc3 16. bxc3 Bc6 17. Nxc6 bxc6 18. Qf3 h6 19. Bh4 Rb8 20. Rfd1 Rb2 21. a3 g5 22. Bg3 g4 23. Bh7+ Kxh7 24. Qd3+ Kg7 25. c4 Ne7 26. f3 gxf3 27. Qxf3 Nf5 28. d5 cxd5 29. Be5 Ra2 30. cxd5 Qb6+ 31. Kh1 Qf2 32. Rg1 Kg6 33. Rcf1 Qxf3 34. gxf3+ Kh7 35. Bxf6 exd5 36. Rd1 Rxa3 37. Rxd5 Rxf3 38. Ba1 Rg8 39. Ra5 Rxg1+ 40. Kxg1 Ne3 41. h4 Nf5 42. h5 Ng7 43. Bxg7 Kxg7 44. Kg2 Re3 45. Kf2 Rb3 46. Kg2 a6 47. Rxa6 Rb5 48. Kf3 Rxh5 49. Kf4 Rb5 50. Kg4 f6 51. Ra8 Rb1 52. Kg3 Kg6 53. Rg8+ Kf5 54. Rh8 Rg1+ 55. Kh4 Kf4 56. Kh3 f5 57. Kh2 Rg5 58. Ra8 Kg4 59. Kg2 Rg6 60. Ra4+ f4 61. Ra8 h5 62. Ra7 f3+ 63. Kf2 Rf6 64. Rg7+ Kh3 65. Rg1 Kh2 66. Rg5 h4 67. Rh5 Rf4 1/2-1/2

[Event "POL-chT U19 1th League"]
[Site "Gorzow Wielkopolski"]
[Date "2008.07.12"]
[Round "8.8"]
[White "Smola, Michal"]
[Black "Statucki, Maciej"]
[Result "1-0"]
[WhiteElo "2188"]
[BlackElo "1568"]
[PlyCount "77"]
[EventDate "2008.07.05"]
[EventType "team-tourn"]
[EventRounds "9"]
[EventCountry "POL"]
[SourceTitle "EXT 2019"]
[Source "ChessBase"]
[SourceDate "2018.10.10"]
[SourceVersion "1"]
[SourceVersionDate "2018.10.10"]
[SourceQuality "1"]
[WhiteTeam "Czarna LKSz GCKiP U19"]
[BlackTeam "Kozuchow Odrodzenie U19"]
[WhiteTeamCountry "POL"]
[BlackTeamCountry "POL"]

1. e4 c5 2. Nf3 Nc6 3. Bb5 g6 4. Bxc6 bxc6 5. 0-0 Ba6 6. d3 c4 7. dxc4 Bg7 8. Na3 d5 9. Qe2 Nf6 10. e5 Ne4 11. Rd1 Qb8 12. c3 0-0 13. Bf4 Qb6 14. Qc2 e6 15. b4 h6 16. h4 Rfb8 17. Ne1 g5 18. hxg5 hxg5 19. Bh2 g4 20. b5 Bc8 21. Bf4 g3 22. Nd3 Qa5 23. Nb1 dxc4 24. Nb4 Nxf2 25. Nxc6 Qb6 26. Rd4 Qb7 27. Bxg3 Nd3 28. Bf2 Qxb5 29. Rd8+ Kh7 30. Nb4 Qxe5 31. Nxd3 cxd3 32. Rxd3 Qf5 33. Qd1 Bf6 34. Rf3 Qg6 35. Rh3+ Kg7 36. Rg3 Bg5 37. Nd2 Rb7 38. Bd4+ Kf8 39. Qe2 1-0

[Event "POL-chT U19 1th League"]
[Site "Gorzow Wielkopolski"]
[Date "2008.07.09"]
[Round "5.14"]
[White "Statucki, Maciej"]
[Black "Kukla, Maciej"]
[Result "0-1"]
[WhiteElo "1568"]
[BlackElo "2156"]
[PlyCount "76"]
[EventDate "2008.07.05"]
[EventType "team-tourn"]
[EventRounds "9"]
[EventCountry "POL"]
[SourceTitle "EXT 2019"]
[Source "ChessBase"]
[SourceDate "2018.10.10"]
[SourceVersion "1"]
[SourceVersionDate "2018.10.10"]
[SourceQuality "1"]
[WhiteTeam "Kozuchow Odrodzenie U19"]
[BlackTeam "Bogatynia UKS SP3 U19"]
[WhiteTeamCountry "POL"]
[BlackTeamCountry "POL"]

1. e4 c5 2. Nf3 e6 3. Nc3 Nc6 4. d4 cxd4 5. Nxd4 Qc7 6. Be3 a6 7. Bd3 Nf6 8. 0-0 Nxd4 9. Bxd4 Bc5 10. Bxc5 Qxc5 11. Kh1 b5 12. a3 Bb7 13. f4 d5 14. Qe2 dxe4 15. Nxe4 Nxe4 16. Bxe4 Bxe4 17. Qxe4 0-0 18. Rad1 Rac8 19. Rd2 Qc4 20. Qxc4 Rxc4 21. f5 e5 22. f6 Rc6 23. fxg7 Kxg7 24. Rf5 f6 25. g4 Kg6 26. c3 Rh8 27. Kg2 h5 28. Rxh5 Rxh5 29. gxh5+ Kxh5 30. Kf3 f5 31. Rg2 Rd6 32. Ke3 Kh4 33. Rg8 Kh3 34. Rf8 f4+ 35. Ke4 Rd2 36. Kxe5 Re2+ 37. Kd4 f3 38. Kd3 f2 0-1